01163nam a2200277 a 450000100060000000300080000600500170001400800410003103500190007204000320009104100080012308200270013110000280015824500950018625000120028126000600029330000260035350000120037965000290039165000510042094200120047199900170048395201210050095201320062195201320075345777BD-RjUL20211209054051.0280716m19531952enk b 001 0 eng  a(BD-RjUL)45895 aDLCcDLCdDLCdBD-RjULbeng aeng00a338.9001223bROT 19531 aRobbins, Lionel914001914aThe theory of economic policy :bIn English Classical Political Economy /cLionel Robbins a1st ed. aLondon :bMacmillan and co. ltd,c1952,[Reprinted 1953] axii, 217 p. ;c24 cm. a index. 0aEconomic policy.9140020 0aStatics and dynamics (Social sciences)9130684 2ddccBK c45777d45777 00102ddc40708NFICaRUCLbRUCLcStackd1956-01-26l0o338.9001 ROT 1953r2016-07-28 00:00:00tC-2w2016-07-28yBK 00102ddc40708NFICaRUCLbRUCLcStackd1956-01-26eN/Ag0.00l0o338.9001 ROT 1953r2016-07-28 00:00:00tC-3w2016-07-28yBK 00102ddc40708NFICaRUCLbRUCLcStackd1956-01-26eN/Ag0.00l0o338.9001 ROT 1953r2016-07-28 00:00:00tC-4w2016-07-28yBK